| 000 | 00723nam a22001937a 4500 | ||
|---|---|---|---|
| 999 |
_c167840 _d167840 |
||
| 005 | 20190920124338.0 | ||
| 010 | _aUR-10487 | ||
| 020 |
_c140.00 _a9789383239788 |
||
| 035 | _aU-9042 | ||
| 037 |
_bDBAD/PUB _a- |
||
| 082 | _a840.44 | ||
| 100 | _aا يم سعيد الد ين | ||
| 245 |
_aا ر د و نّر (مضا مين،گر ا مر و خطو ط نو يسی) _cا يم سعيد الد ين |
||
| 246 |
_bUrdu Nasar(Prose,GrammarAnd Letter Writing) (Urdu) _aby M.Sayeeduddeen |
||
| 260 |
_aN.Delhi _bApplied Books _c2018 ء |
||
| 270 |
_a1739/10,Kohinoor hotel,Ptoudi House,Darya Ganj, _bN.Delhi _e110002 _k01123266347 _l- |
||
| 300 |
_a128ص _c22 Cm(Hb) |
||
| 942 |
_2ddc _cUR _h840.44 _mا ي م |
||